American voices : (Record no. 11633)

000 -LEADER
fixed length control field 00827cam a2200289 a 4500
020 ## - INTERNATIONAL STANDARD BOOK NUMBER
ISBN 0767411293
040 ## - CATALOGING SOURCE
Transcribing agency DLC
082 ## - DEWEY DECIMAL CLASSIFICATION NUMBER
Classification number 808 MAY 2000 A092 Or.
100 1# - MAIN ENTRY--AUTHOR NAME
Personal name LaGuardia, Dolores.
245 10 - TITLE STATEMENT
Title American voices :
Remainder of title culture and community /
250 ## - EDITION STATEMENT
Edition statement 4th ed.
260 ## - PUBLICATION, DISTRIBUTION, ETC. (IMPRINT)
Place of publication Mountain View, CA :
Name of publisher Mayfield Pub. Co.,
Year of publication c2000.
300 ## - PHYSICAL DESCRIPTION
Number of Pages xxvii, 692 p. ;
Dimensions 24 cm.
500 ## - GENERAL NOTE
General note Includes index.
650 #0 - SUBJECT ADDED ENTRY--TOPICAL TERM
Topical Term Readers
650 #0 - SUBJECT ADDED ENTRY--TOPICAL TERM
Topical Term Cultural pluralism
650 #0 - SUBJECT ADDED ENTRY--TOPICAL TERM
Topical Term Ethnology
650 #0 - SUBJECT ADDED ENTRY--TOPICAL TERM
Topical Term Ethnic groups
650 #0 - SUBJECT ADDED ENTRY--TOPICAL TERM
Topical Term Culture
650 #0 - SUBJECT ADDED ENTRY--TOPICAL TERM
Topical Term English language
650 #0 - SUBJECT ADDED ENTRY--TOPICAL TERM
Topical Term Critical thinking.
650 #0 - SUBJECT ADDED ENTRY--TOPICAL TERM
Topical Term College readers.
700 1# - ADDED ENTRY--PERSONAL NAME
Personal name Guth, Hans Paul,
856 42 - ELECTRONIC LOCATION AND ACCESS
Uniform Resource Identifier http://www.loc.gov/catdir/description/mh024/99024016.html
856 41 - ELECTRONIC LOCATION AND ACCESS
Uniform Resource Identifier http://www.loc.gov/catdir/toc/mh023/99024016.html
942 ## - ADDED ENTRY ELEMENTS (KOHA)
Koha item type សៀវភៅភាសាអង់គ្លេស
952 ## - LOCATION AND ITEM INFORMATION (KOHA)
Withdrawn status [LOCAL, KOHA] 0
Holdings
Permanent Location Date acquired Koha item type Lost status Shelving location Barcode Current Location Full call number
Library Block A2017-08-04សៀវភៅភាសាអង់គ្លេស A094A16996Library Block A808 MAY 2000 A094 Or.
មជ្ឈមណ្ឌលឯការនៃសាកលវិទ្យាល័យភូមិន្ទកសិកម្មចំការដូង

Powered by Koha